[Event "4NCL 2024-25"]
[Site "England ENG"]
[Date "2024.11.23"]
[Round "1.15"]
[White "O'Donnell, Conor"]
[Black "Jackson, James P"]
[Result "1/2-1/2"]
[WhiteTitle "FM"]
[BlackTitle "IM"]
[WhiteElo "2289"]
[BlackElo "2367"]
[WhiteTeam "Wood Green Youth"]
[BlackTeam "Wood Green"]
[WhiteFideId "2504243"]
[BlackFideId "416860"]
[EventDate "2024.11.23"]

1. d4 Nf6 2. c4 g6 3. g3 Bg7 4. Bg2 O-O 5. Nc3 d6 6. Nf3 Nc6 7. O-O e5 8. d5 Nb8
9. e4 a5 10. Rb1 Na6 11. b3 Nc5 12. Re1 Nfd7 13. a3 f5 14. b4 axb4 15. axb4 Nxe4
16. Nxe4 fxe4 17. Ng5 Nf6 18. Nxe4 Nxe4 19. Bxe4 Bf5 20. Qc2 Qd7 21. b5 Bxe4 22.
Qxe4 Ra4 23. Be3 b6 24. Ra1 Rfa8 25. Rxa4 Rxa4 26. Qc2 Ra8 27. Qc3 Qg4 28. Ra1
Rc8 29. Ra7 h5 30. h4 Qe2 31. Qc1 e4 32. Qf1 Qg4 33. Kh2 Bc3 34. Qh3 Bb4 35.
Qxg4 hxg4 36. Kg2 Ba5 37. Kf1 Kf7 38. Ke2 Ke7 39. Bd2 Bxd2 40. Kxd2 Kf6 41. Ke2
Kf5 42. Kd2 Kf6 43. Ke2 Kf5 44. Kd2 Kf6 1/2-1/2

[Event "4NCL 2024-25"]
[Site "England ENG"]
[Date "2024.11.23"]
[Round "1.32"]
[White "Milson, Samuel A"]
[Black "O'Gorman, Tom"]
[Result "0-1"]
[BlackTitle "IM"]
[WhiteElo "2090"]
[BlackElo "2391"]
[WhiteTeam "The Sharks 2"]
[BlackTeam "The Sharks 1"]
[WhiteFideId "418838"]
[BlackFideId "2508249"]
[EventDate "2024.11.23"]

1. e4 e5 2. Nf3 Nc6 3. Bb5 a6 4. Ba4 Nf6 5. O-O Be7 6. Re1 b5 7. Bb3 O-O 8. a4
Bb7 9. d3 Re8 10. h3 h6 11. Nc3 Nd4 12. Ba2 Bb4 13. Bd2 Nxf3+ 14. Qxf3 c5 15.
Qg3 Nh5 16. Qg4 Nf6 17. Qg3 Kf8 18. f4 Nh5 19. Qf3 Nxf4 20. Bxf4 exf4 21. Qxf4
Qf6 22. Qc7 Qc6 23. Rf1 c4 24. Qxc6 Bxc6 25. dxc4 bxa4 26. c5 Bxc5+ 27. Kh1 f6
28. Bd5 a3 29. Bxc6 axb2 30. Ra2 dxc6 31. Rxb2 Bd4 32. Rb3 Reb8 33. Rfb1 Rxb3
34. Rxb3 a5 35. Na4 Re8 36. Nc3 Re5 37. g4 Rc5 38. Ne2 Be5 39. c3 Rc4 40. Kg2
Rxe4 41. Kf3 Rc4 42. Ke3 h5 43. Ra3 hxg4 44. Kd3 Rc5 45. hxg4 Kf7 46. Ra4 Bc7
47. Nd4 Bb6 48. Nf5 Rd5+ 49. Ke4 g6 50. Nd4 Bxd4 51. cxd4 Ke6 52. Ra1 c5 53.
Rxa5 Rxd4+ 54. Kf3 Rc4 55. Ra6+ Ke5 56. g5 fxg5 57. Rxg6 Kf5 58. Rg8 Rc3+ 59.
Kf2 Kg4 60. Rg7 Rf3+ 61. Kg2 Rf8 62. Rc7 Rf5 63. Rc8 Kf4 64. Kf2 g4 65. Rg8 Rg5
66. Re8 Rd5 67. Re2 Rh5 68. Kg2 Re5 69. Rd2 Ke3 0-1

[Event "4NCL 2024-25"]
[Site "England ENG"]
[Date "2024.11.23"]
[Round "1.44"]
[White "Pert, Richard G"]
[Black "Pang, Ethan"]
[Result "1-0"]
[WhiteTitle "IM"]
[BlackTitle "FM"]
[WhiteElo "2406"]
[BlackElo "2257"]
[WhiteTeam "Cheddleton Savills Catering"]
[BlackTeam "Barnet Knights A"]
[WhiteFideId "404748"]
[BlackFideId "496995"]
[EventDate "2024.11.23"]

1. d4 Nf6 2. Nf3 e6 3. Bf4 c5 4. e3 Nc6 5. Nc3 Qa5 6. Nd2 cxd4 7. Nc4 Qd8 8.
exd4 Bb4 9. Nd6+ Ke7 10. Nb5 Nd5 11. Bd2 Nf6 12. d5 exd5 13. a3 Bxc3 14. Bxc3
Re8 15. Be2 a6 16. Bxf6+ Kxf6 17. Nc3 Ke7 18. Qxd5 Kf8 19. O-O-O Re5 20. Qd3
Qg5+ 21. Kb1 Qg6 22. f4 Qxd3 23. Bxd3 Re8 24. Be4 g6 25. Bf3 Rb8 26. Nd5 Rd8 27.
Rhe1 Kg7 28. Nb6 d6 29. Nc4 Be6 30. Nxd6 Na5 31. b4 Nc4 32. Rxe6 Nxa3+ 33. Kb2
fxe6 34. Kxa3 b6 35. c4 Rf8 36. Rd4 Rfd8 37. c5 bxc5 38. bxc5 Kf6 39. c6 e5 40.
fxe5+ Kxe5 41. Rd5+ 1-0

[Event "4NCL 2024-25"]
[Site "England ENG"]
[Date "2024.11.23"]
[Round "1.64"]
[White "Berry, Neil"]
[Black "Rogers, Jonathan W"]
[Result "0-1"]
[WhiteTitle "FM"]
[BlackTitle "FM"]
[WhiteElo "2254"]
[BlackElo "2329"]
[WhiteTeam "Alba"]
[BlackTeam "Barbican 4NCL"]
[WhiteFideId "2400650"]
[BlackFideId "402052"]
[EventDate "2024.11.23"]

1. d4 d5 2. c4 e5 3. dxe5 Ne7 4. Nf3 Nbc6 5. e3 Bg4 6. Be2 dxc4 7. Qa4 Ng6 8.
Nbd2 Bb4 9. a3 Bxd2+ 10. Bxd2 Bxf3 11. gxf3 Nxe5 12. Bc3 Qd5 13. Rd1 Nd3+ 14.
Bxd3 cxd3 15. Qg4 Ne7 16. e4 Qc4 17. O-O h5 18. Qg5 Rh6 19. Kh1 Rg6 20. Qe3 Rd8
21. Rd2 Qe6 22. Rxd3 Qh3 23. Rxd8+ Kxd8 24. Rg1 Rxg1+ 25. Kxg1 Ng6 26. Bxg7 Kc8
27. Bf6 b6 28. b4 Qe6 29. Qd4 Nf4 30. Qe5 Ne2+ 31. Kf1 Qc4 32. Kg2 Qc1 33. Bg5
Qg1+ 34. Kh3 Qxf2 35. Qf5+ Kb8 0-1

[Event "4NCL 2024-25"]
[Site "England ENG"]
[Date "2024.11.24"]
[Round "2.11"]
[White "Harvey, Marcus R"]
[Black "Merry, Alan B"]
[Result "1/2-1/2"]
[WhiteTitle "IM"]
[BlackTitle "IM"]
[WhiteElo "2474"]
[BlackElo "2414"]
[WhiteTeam "Wood Green"]
[BlackTeam "Barbican 4NCL"]
[WhiteFideId "400092"]
[BlackFideId "418811"]
[EventDate "2024.11.23"]

1. c4 e5 2. Nc3 Nf6 3. Nf3 Nc6 4. e3 Bb4 5. Qc2 Bxc3 6. Qxc3 Qe7 7. d4 Ne4 8.
Qd3 exd4 9. Nxd4 O-O 10. Be2 Nxd4 11. Qxd4 b6 12. O-O Bb7 13. b3 f5 14. Bb2 Rae8
15. Rad1 d6 16. Rde1 Rf6 17. f3 Ng5 18. Bd3 Ref8 19. Bc2 Rg6 20. Kh1 Ne6 21. Qd2
Qh4 22. Qf2 Qh5 23. Bd1 Rh6 24. Qg1 Nc5 25. Bd4 Nd3 26. Re2 Re8 27. Rd2 Nc5 28.
Bxc5 bxc5 29. f4 Qh4 30. Bf3 Be4 31. Bxe4 Rxe4 32. Rf3 Rhe6 33. h3 a5 34. Rc2
Re8 35. Kh2 Qe7 36. Rc3 Qf6 37. Qc1 Ra8 38. Qd2 Qe6 39. a4 Rb8 40. Rd3 Rb4 41.
Qc3 Kf7 42. Rf1 Qf6 43. Qd2 h5 44. Qe2 h4 45. Rg1 g6 46. Qd2 Ke7 47. g4 Rexc4
48. gxf5 gxf5 49. Qg2 Re4 50. Qg8 Kd7 51. Rg6 Qb2+ 52. Rg2 Qf6 53. Rg6 Qb2+ 54.
Rg2 Qf6 55. Qd5 c4 56. bxc4 Rexc4 57. Qxa5 Rb2 58. Rxb2 Qxb2+ 59. Rd2 Qb1 60.
Qd5 Qe4 61. Qb5+ Ke7 62. Qb2 Rxa4 63. Qg7+ Kd8 64. Rb2 Kc8 65. Qg8+ Kd7 66. Qf7+
Kc6 67. Qb3 Ra5 68. Rg2 Rb5 69. Qa3 Kb7 70. Ra2 Kc8 71. Rg2 Kb7 72. Ra2 Kc8 73.
Rg2 Kb7 74. Ra2 1/2-1/2

[Event "4NCL 2024-25"]
[Site "England ENG"]
[Date "2024.11.24"]
[Round "2.12"]
[White "D'Costa, Lorin"]
[Black "Speelman, Jon S"]
[Result "1/2-1/2"]
[WhiteTitle "IM"]
[BlackTitle "GM"]
[WhiteElo "2370"]
[BlackElo "2492"]
[WhiteTeam "Barbican 4NCL"]
[BlackTeam "Wood Green"]
[WhiteFideId "409219"]
[BlackFideId "400033"]
[EventDate "2024.11.23"]

1. Nf3 Nf6 2. c4 e6 3. g3 d5 4. Bg2 Be7 5. O-O O-O 6. d4 dxc4 7. Qc2 a6 8. a4
Bd7 9. Qxc4 Bc6 10. Bg5 Nbd7 11. Nc3 h6 12. Bxf6 Nxf6 13. b4 Bd5 14. Nxd5 exd5 1/2-1/2

[Event "4NCL 2024-25"]
[Site "England ENG"]
[Date "2024.11.24"]
[Round "2.13"]
[White "Murphy, Conor E"]
[Black "Taylor, Martin R"]
[Result "1/2-1/2"]
[WhiteTitle "IM"]
[BlackTitle "FM"]
[WhiteElo "2439"]
[BlackElo "2336"]
[WhiteTeam "Wood Green"]
[BlackTeam "Barbican 4NCL"]
[WhiteFideId "421669"]
[BlackFideId "407836"]
[EventDate "2024.11.23"]

1. e4 e5 2. Nf3 Nc6 3. Bc4 Be7 4. d4 exd4 5. Nxd4 d6 6. Nxc6 bxc6 7. e5 d5 8.
Bd3 Bc5 9. Qh5 g6 10. Qe2 Qh4 11. h3 Ne7 12. Nd2 Bf5 13. Nf3 Qb4+ 14. c3 Bxd3
15. Qxd3 Qb5 16. Qc2 a5 17. Bg5 Rb8 18. b3 Nf5 19. Bf6 O-O 20. g4 Ng7 21. h4 Ne8
22. O-O-O Nxf6 23. exf6 Rfe8 24. Rhe1 a4 25. b4 Bd6 26. h5 Qc4 27. Rd4 Rxe1+ 28.
Nxe1 Qf1 29. Rd1 Qc4 30. Rd4 Qf1 31. Rd1 Qc4 1/2-1/2

[Event "4NCL 2024-25"]
[Site "England ENG"]
[Date "2024.11.24"]
[Round "2.14"]
[White "Rogers, Jonathan W"]
[Black "Wadsworth, Matthew J"]
[Result "0-1"]
[WhiteTitle "FM"]
[BlackTitle "IM"]
[WhiteElo "2329"]
[BlackElo "2500"]
[WhiteTeam "Barbican 4NCL"]
[BlackTeam "Wood Green"]
[WhiteFideId "402052"]
[BlackFideId "415804"]
[EventDate "2024.11.23"]

1. e4 c6 2. d4 d5 3. exd5 cxd5 4. Bd3 Nc6 5. c3 Nf6 6. Bf4 Bg4 7. Qb3 Qd7 8. Nd2
e6 9. h3 Bh5 10. Ngf3 Bd6 11. Bxd6 Qxd6 12. O-O O-O 13. Rae1 Qc7 14. Re3 Rab8
15. Rfe1 b5 16. Ne5 b4 17. Nxc6 Qxc6 18. c4 dxc4 19. Bxc4 Qd7 20. Ne4 Qxd4 21.
Rd3 Qe5 22. Nxf6+ Qxf6 23. Rd7 a5 24. Re4 Rbd8 25. Qd3 Bg6 0-1

[Event "4NCL 2024-25"]
[Site "England ENG"]
[Date "2024.11.24"]
[Round "2.15"]
[White "Jackson, James P"]
[Black "Sowray, Peter J"]
[Result "1/2-1/2"]
[WhiteTitle "IM"]
[BlackTitle "FM"]
[WhiteElo "2367"]
[BlackElo "2210"]
[WhiteTeam "Wood Green"]
[BlackTeam "Barbican 4NCL"]
[WhiteFideId "416860"]
[BlackFideId "400971"]
[EventDate "2024.11.23"]

1. e4 c6 2. d4 d5 3. e5 c5 4. dxc5 e6 5. Be3 Nd7 6. Nf3 Bxc5 7. Bxc5 Nxc5 8. Qd4
Qb6 9. Nbd2 Ne7 10. Nb3 Nxb3 11. axb3 Qxd4 12. Nxd4 Ng6 13. Nf3 Bd7 14. g3 a6
15. Bg2 Rc8 16. O-O-O O-O 17. Rhe1 Rc7 18. Nd4 Ne7 19. f4 Rfc8 20. c3 Nc6 21.
Kb1 Nxd4 22. Rxd4 Kf8 23. g4 Ke7 24. h4 a5 25. Bf1 Ra8 26. Kc2 b5 27. b4 axb4
28. Rxb4 Ra4 29. Kb3 Rca7 30. Rd1 Rxb4+ 31. cxb4 Bc6 32. Rc1 Kd7 33. Rc5 Rb7 34.
Kc2 Kc7 35. Rc3 Kb6 36. Bd3 h6 37. Kd2 Ra7 38. Ra3 Rd7 39. g5 hxg5 40. fxg5 g6
41. Ra1 d4 42. Rf1 Bd5 43. Rf4 Bb3 44. Be4 Bc4 45. Bf3 d3 46. h5 gxh5 47. Bxh5
Rd5 48. Re4 Rd7 49. Rf4 Rd5 50. Re4 1/2-1/2

[Event "4NCL 2024-25"]
[Site "England ENG"]
[Date "2024.11.24"]
[Round "2.23"]
[White "Williams, Simon K"]
[Black "Csonka, Balazs"]
[Result "0-1"]
[WhiteTitle "GM"]
[BlackTitle "IM"]
[WhiteElo "2451"]
[BlackElo "2459"]
[WhiteTeam "Cheddleton Savills Catering"]
[BlackTeam "Manx Liberty"]
[WhiteFideId "404454"]
[BlackFideId "742910"]
[EventDate "2024.11.23"]

1. d4 Nf6 2. c4 e6 3. Nf3 d5 4. Nc3 c5 5. cxd5 Nxd5 6. e3 Nc6 7. Bd3 Be7 8. O-O
O-O 9. a3 cxd4 10. exd4 Bf6 11. Re1 Bd7 12. Bc2 Nce7 13. h4 Bc6 14. Ng5 Nf5 15.
Qg4 h6 16. Nf3 Nde7 17. Ne4 Bxd4 18. Nxd4 Qxd4 19. Rb1 Rfd8 20. b4 Bxe4 21. Bxe4
Qb6 22. h5 Rd7 23. Qf4 Nd5 24. Qf3 Rad8 25. Bb2 Nd4 26. Qg3 Nf6 27. Qh4 Qb5 28.
Kh1 b6 29. Rbc1 Qxh5 30. Qxh5 Nxh5 31. Red1 Nf6 32. Bb1 Kf8 33. f3 Ke7 34. a4
Ne2 35. Rxd7+ Rxd7 36. Re1 Nf4 37. b5 Nd3 38. Ba3+ Ke8 39. Rf1 Rd4 40. Bc2 Nd5
41. Bb3 Nc3 42. g3 Nxa4 0-1

[Event "4NCL 2024-25"]
[Site "England ENG"]
[Date "2024.11.24"]
[Round "2.24"]
[White "Jaracz, Pawel"]
[Black "Hebden, Mark L"]
[Result "1/2-1/2"]
[WhiteTitle "GM"]
[BlackTitle "GM"]
[WhiteElo "2442"]
[BlackElo "2383"]
[WhiteTeam "Manx Liberty"]
[BlackTeam "Cheddleton Savills Catering"]
[WhiteFideId "1102222"]
[BlackFideId "400084"]
[EventDate "2024.11.23"]

1. c4 Nf6 2. Nc3 g6 3. g3 Bg7 4. Bg2 O-O 5. e3 d6 6. Nge2 e5 7. O-O Re8 8. d3 c6
9. e4 Na6 10. h3 Nc5 11. Be3 a5 12. Qd2 b5 13. cxb5 cxb5 14. Nxb5 Ba6 15. Bxc5
dxc5 16. a4 Qb6 17. Nec3 Rad8 18. Qc2 Re7 19. Rfd1 h5 20. Na3 h4 21. Nc4 Bxc4
22. dxc4 hxg3 23. fxg3 Rd4 24. Nb5 Nh5 25. Qb3 Qf6 26. Kh2 1/2-1/2

[Event "4NCL 2024-25"]
[Site "England ENG"]
[Date "2024.11.24"]
[Round "2.25"]
[White "Pert, Nicholas"]
[Black "Grieve, Harry"]
[Result "1/2-1/2"]
[WhiteTitle "GM"]
[BlackTitle "IM"]
[WhiteElo "2525"]
[BlackElo "2472"]
[WhiteTeam "Cheddleton Savills Catering"]
[BlackTeam "Manx Liberty"]
[WhiteFideId "403989"]
[BlackFideId "426520"]
[EventDate "2024.11.23"]

1. d4 d5 2. c4 e6 3. Nf3 Nf6 4. Nc3 a6 5. cxd5 exd5 6. Bg5 Be6 7. e3 Nbd7 8. h3
Bd6 9. Bd3 c6 10. Bf4 Qc7 11. Ne2 O-O 12. O-O Rfe8 13. Qc2 g6 14. b4 Nh5 15.
Bxd6 Qxd6 16. a4 Ng7 17. Rab1 Bf5 18. Nf4 Nb6 19. Nd2 Qe7 20. Rfc1 Bxd3 21. Nxd3
Nf5 22. a5 Nc8 23. Nc5 Ncd6 24. Re1 h5 25. Nf3 Nh4 26. Qe2 Nxf3+ 27. Qxf3 Qc7
28. Qf4 Re7 29. g4 hxg4 30. hxg4 Nc4 31. Qxc7 Rxc7 32. Kg2 Kg7 33. Rh1 Re7 34.
Rh3 Rh8 35. Rxh8 Kxh8 36. Rh1+ Kg7 37. Kf3 g5 38. Ke2 f6 39. Rh3 Kg8 40. Rh6 Kg7
41. Rh1 Kg8 42. Kd3 Nb2+ 43. Kc3 Nc4 44. Rh5 Kg7 45. Rh3 Kg8 46. Rh2 Kg7 47. Rh5
Nd6 48. Kd3 Nc4 49. Rh1 Nb2+ 50. Kc2 Nc4 51. Kc3 Kg8 52. Kd3 1/2-1/2

[Event "4NCL 2024-25"]
[Site "England ENG"]
[Date "2024.11.24"]
[Round "2.27"]
[White "Pert, Max"]
[Black "Galyas, Miklos"]
[Result "1/2-1/2"]
[WhiteTitle "FM"]
[BlackTitle "GM"]
[WhiteElo "2323"]
[BlackElo "2387"]
[WhiteTeam "Cheddleton Savills Catering"]
[BlackTeam "Manx Liberty"]
[WhiteFideId "456845"]
[BlackFideId "707244"]
[EventDate "2024.11.23"]

1. d4 d5 2. Nf3 e6 3. c4 Nf6 4. Nc3 Be7 5. Bf4 O-O 6. e3 b6 7. Bd3 dxc4 8. Bxc4
Bb7 9. O-O a6 10. a4 c5 11. Qe2 cxd4 12. Nxd4 Nbd7 13. Bg3 Nc5 14. Rfd1 Qe8 15.
Bc7 Bd8 16. Bd6 Be7 17. Bc7 Bd8 18. Bd6 1/2-1/2

[Event "4NCL 2024-25"]
[Site "England ENG"]
[Date "2024.11.24"]
[Round "2.31"]
[White "Emms, John M"]
[Black "Makkar, Rajat"]
[Result "0-1"]
[WhiteTitle "GM"]
[BlackTitle "IM"]
[WhiteElo "2411"]
[BlackElo "2413"]
[WhiteTeam "Chessable White Rose 1"]
[BlackTeam "The Sharks 1"]
[WhiteFideId "400254"]
[BlackFideId "36016810"]
[EventDate "2024.11.23"]

1. e4 c5 2. c3 e5 3. Nf3 Nc6 4. Bc4 Nf6 5. d3 Be7 6. O-O O-O 7. Re1 d6 8. Nbd2
Be6 9. Bxe6 fxe6 10. Rb1 a6 11. b4 b5 12. a3 Nh5 13. Nf1 Qe8 14. Be3 Qg6 15. Ng3
Nf4 16. d4 c4 17. d5 Nd8 18. Bxf4 exf4 19. Nf1 e5 20. a4 Qf6 21. Ra1 Nf7 22. h3
h5 23. N3h2 Qh6 24. Re2 Ng5 25. f3 Bd8 26. Kh1 Bb6 27. axb5 axb5 28. Rxa8 Rxa8
29. Qb1 Qg6 30. Ra2 Rxa2 31. Qxa2 Nxh3 32. Qa6 Nf2+ 33. Kg1 Be3 34. Qxb5 Ba7 35.
Qb7 Qf7 36. Qc8+ Kh7 37. Qxc4 Nxe4+ 38. Kh1 Nf2+ 39. Kg1 h4 40. Qa2 Ne4+ 41. Kh1
Ng3+ 42. Nxg3 hxg3 43. Qc2+ Kh8 0-1

[Event "4NCL 2024-25"]
[Site "England ENG"]
[Date "2024.11.24"]
[Round "2.32"]
[White "Roberson, Peter T"]
[Black "Navrotescu, Andreea"]
[Result "1/2-1/2"]
[WhiteTitle "IM"]
[BlackTitle "WGM"]
[WhiteElo "2434"]
[BlackElo "2301"]
[WhiteTeam "The Sharks 1"]
[BlackTeam "Chessable White Rose 1"]
[WhiteFideId "412384"]
[BlackFideId "675946"]
[EventDate "2024.11.23"]

1. e4 c5 2. Nf3 d6 3. d4 cxd4 4. Nxd4 Nf6 5. Nc3 Nc6 6. Bg5 e6 7. Qd2 a6 8.
O-O-O Bd7 9. Kb1 Nxd4 10. Qxd4 Be7 11. f3 b5 12. Qd2 b4 13. Ne2 Nxe4 14. fxe4
Bxg5 15. Qxd6 Ba4 16. Qxd8+ Bxd8 17. Nd4 Bb6 18. b3 Bd7 19. Nf3 Ke7 20. Ne5 Be8
21. Be2 Bc7 22. Nc4 Bb5 23. Rd3 Rhd8 24. h3 Bc6 25. Bf3 Rxd3 26. cxd3 Rd8 27.
Kc2 Bb8 28. a3 bxa3 29. Ra1 Ba7 30. Rxa3 Bb5 31. e5 Bc5 32. Ra2 Rd7 33. Be4 Rc7
34. Kc3 Rd7 35. Kd2 h5 1/2-1/2

[Event "4NCL 2024-25"]
[Site "England ENG"]
[Date "2024.11.24"]
[Round "2.34"]
[White "O'Gorman, Tom"]
[Black "Chow, Samuel"]
[Result "1-0"]
[WhiteTitle "IM"]
[BlackTitle "FM"]
[WhiteElo "2391"]
[BlackElo "2354"]
[WhiteTeam "The Sharks 1"]
[BlackTeam "Chessable White Rose 1"]
[WhiteFideId "2508249"]
[BlackFideId "3202992"]
[EventDate "2024.11.23"]

1. e4 e6 2. d4 d5 3. Nc3 Bb4 4. e5 c5 5. a3 Bxc3+ 6. bxc3 Ne7 7. h4 Qc7 8. h5 h6
9. Rb1 Nbc6 10. Qg4 Rg8 11. Bd3 c4 12. Bh7 Nxe5 13. dxe5 Qxe5+ 14. Ne2 Rh8 15.
O-O Rxh7 16. Nd4 Qb8 17. Re1 e5 18. Qg3 f6 19. a4 Kf7 20. Ba3 Qc7 21. f4 e4 22.
Nb5 Qd7 23. Bxe7 Qxe7 24. Qg6+ Kg8 25. Nc7 Bf5 26. Qxf5 Qc5+ 27. Kh1 Qxc7 28.
Qxd5+ Qf7 29. Qxf7+ Kxf7 30. Rxb7+ Ke6 31. Rxe4+ Kf5 32. Rxc4 a6 33. Kh2 Kg4 34.
Rc5 Rd8 35. Rb6 Rd2 36. Rxa6 Rxc2 37. Ra7 Kxf4 38. a5 Ra2 39. Rc8 Kg4 40. c4 f5
41. c5 f4 42. Rf8 Rc2 43. Re7 Rxc5 44. a6 Rxh5+ 45. Kg1 Kg3 46. a7 Rc5 47. Kf1 1-0

[Event "4NCL 2024-25"]
[Site "England ENG"]
[Date "2024.11.24"]
[Round "2.35"]
[White "Turner, Max N"]
[Black "Slaby, Jerzy"]
[Result "0-1"]
[WhiteTitle "CM"]
[BlackTitle "IM"]
[WhiteElo "2255"]
[BlackElo "2464"]
[WhiteTeam "Chessable White Rose 1"]
[BlackTeam "The Sharks 1"]
[WhiteFideId "447722"]
[BlackFideId "1121405"]
[EventDate "2024.11.23"]

1. d4 Nf6 2. c4 c6 3. Nf3 d5 4. Nc3 a6 5. e3 g6 6. Be2 Bg7 7. O-O O-O 8. b3 Bg4
9. Bb2 Nbd7 10. Rc1 e6 11. h3 Bxf3 12. Bxf3 b5 13. Qe2 bxc4 14. bxc4 Nb6 15. c5
Nc4 16. Na4 Nxb2 17. Qxb2 Rb8 18. Qd2 e5 19. Rb1 Rb5 20. Nb6 exd4 21. exd4 Re8
22. a4 Rxb1 23. Rxb1 Ne4 24. Qb2 Ng5 25. Bg4 f5 26. Be2 Ne6 27. Bxa6 Bxd4 28.
Qc2 Nxc5 29. Bf1 Ne4 30. Qxc6 Bxf2+ 31. Kh1 Ng3+ 32. Kh2 Nxf1+ 33. Rxf1 Bxb6 34.
Kh1 Kf7 35. Rb1 Bc7 36. Rc1 Re7 37. Qb5 Qd6 38. g3 Qxg3 39. Qxd5+ Kg7 40. Qd4+
Be5 0-1

[Event "4NCL 2024-25"]
[Site "England ENG"]
[Date "2024.11.24"]
[Round "2.41"]
[White "Olson, Hamish"]
[Black "Golding, Alex"]
[Result "0-1"]
[WhiteTitle "FM"]
[BlackTitle "FM"]
[WhiteElo "2368"]
[BlackElo "2369"]
[WhiteTeam "Alba"]
[BlackTeam "Wood Green Youth"]
[WhiteFideId "2404257"]
[BlackFideId "427241"]
[EventDate "2024.11.23"]

1. d4 Nf6 2. Nf3 b6 3. Bf4 Bb7 4. e3 d6 5. h3 g6 6. Be2 Bg7 7. O-O O-O 8. a4 a5
9. c3 Nbd7 10. Nbd2 Re8 11. Bb5 e5 12. dxe5 dxe5 13. Bh2 Qe7 14. Qc2 Red8 15.
Rfd1 Ne8 16. Rab1 Nd6 17. Be2 Bc6 18. Ra1 Nc5 19. b3 Nf5 20. Ne1 Nd6 21. Bf3 e4
22. Be2 Bd5 23. b4 Nd3 24. Nxd3 exd3 25. Bxd3 axb4 26. cxb4 Bxa1 27. Rxa1 Nb7
28. Qc3 c5 29. b5 f6 30. e4 Bf7 31. Nf3 c4 32. Bc2 Nc5 33. e5 Nd3 34. exf6 Qb4
35. Be5 Qxc3 36. Bxc3 Rd5 37. Nd4 Rd6 38. Nc6 Bd5 39. Ne7+ Kf7 40. Rd1 Bb7 41.
a5 bxa5 42. Bb1 Rxf6 43. Bxf6 Kxf6 44. Bxd3 cxd3 45. Nc6 Bxc6 46. bxc6 a4 47. c7
a3 48. Ra1 d2 49. f4 Rc8 50. Kf2 Rxc7 0-1

[Event "4NCL 2024-25"]
[Site "England ENG"]
[Date "2024.11.24"]
[Round "2.43"]
[White "Vijayakumar, Rishi"]
[Black "Balaji, Aaravamudhan"]
[Result "1/2-1/2"]
[WhiteTitle "FM"]
[BlackTitle "IM"]
[WhiteElo "2317"]
[BlackElo "2346"]
[WhiteTeam "Alba"]
[BlackTeam "Wood Green Youth"]
[WhiteFideId "2408953"]
[BlackFideId "436224"]
[EventDate "2024.11.23"]

1. d4 Nf6 2. c4 g6 3. Nc3 Bg7 4. e4 d6 5. h3 O-O 6. Be3 c5 7. Nf3 Qa5 8. Qd2 a6
9. Bd3 Nfd7 10. O-O Nc6 11. Be2 Rb8 12. d5 Nce5 13. Nxe5 Bxe5 14. f4 Bf6 15. a4
Nb6 16. Rfc1 Bd7 17. b3 Na8 18. e5 Bg7 19. Ra2 dxe5 20. Ne4 Qxd2 21. Rxd2 b6 22.
a5 f5 23. Nf2 exf4 24. Bxf4 bxa5 25. Bxb8 Bh6 26. Ra2 Bxc1 27. Ba7 a4 28. bxa4
Be3 29. a5 Rc8 30. Rb2 Kf7 31. Bb8 Ke8 32. Kf1 Kd8 33. Nd3 Bd4 34. Rb7 Ba4 35.
Nf4 Bd7 36. Ne6+ Bxe6 37. dxe6 Bc3 38. Bd1 Bxa5 39. Bd6 Bc7 40. Bxc5 a5 41. Bf3
Ke8 42. Ra7 Nb6 43. Bc6+ Kd8 44. Bb5 Rb8 45. Bxb6 Rxb6 46. Rxa5 Kc8 47. Bd7+ Kb7
48. Rb5 Rxb5 49. cxb5 Kb6 50. g4 Kc5 51. gxf5 gxf5 52. Ke2 Kd4 53. Kf3 Ke5 54.
h4 Kf6 55. h5 Kg5 56. Be8 Bb6 57. Kg3 Ba5 58. Kf3 Kf6 59. Bf7 Ke5 60. Ke3 Bc7
61. Kf3 h6 62. Ke3 Kd5 63. Kf3 Ke5 64. Ke3 Kd5 65. Kf3 Ke5 66. Ke3 1/2-1/2

[Event "4NCL 2024-25"]
[Site "England ENG"]
[Date "2024.11.24"]
[Round "2.44"]
[White "Czopor, Maciej"]
[Black "Berry, Neil"]
[Result "1-0"]
[WhiteTitle "FM"]
[BlackTitle "FM"]
[WhiteElo "2412"]
[BlackElo "2254"]
[WhiteTeam "Wood Green Youth"]
[BlackTeam "Alba"]
[WhiteFideId "21805431"]
[BlackFideId "2400650"]
[EventDate "2024.11.23"]

1. c4 e6 2. Nf3 d5 3. g3 Nf6 4. Bg2 d4 5. O-O Be7 6. b4 O-O 7. Bb2 c5 8. d3 Nbd7
9. bxc5 e5 10. Nbd2 Bxc5 11. Nb3 Re8 12. Rb1 Bf8 13. Qc2 a5 14. Rfe1 a4 15. Nbd2
Nc5 16. Ng5 Bd7 17. Ba3 Bc6 18. Bxc5 Bxc5 19. Bxc6 bxc6 20. Rb7 Nd7 21. Nge4 Bf8
22. c5 Nf6 23. Nxf6+ Qxf6 24. Reb1 Qe6 25. R1b4 Qd5 26. Rxa4 Rxa4 27. Qxa4 Qxc5
28. Qc4 Qd5 29. a4 Ra8 30. Rc7 Qxc4 31. Nxc4 f6 32. Nb6 Ra6 33. Rxc6 Kf7 34.
Rc7+ Kg6 35. Rb7 Bc5 36. Nd7 Ba3 37. Rb6 Rxa4 38. Nxe5+ Kf5 39. Nc4 Bb4 40. Kg2
Bc3 41. Rb7 Kg6 42. g4 Ra6 43. Rd7 Re6 44. Kf3 h5 45. gxh5+ Kh6 46. Rd5 Bb4 47.
Rxd4 Kxh5 48. Ne3 Bf8 49. Rd8 Bb4 50. Nf5 Kg6 51. e4 1-0

[Event "4NCL 2024-25"]
[Site "England ENG"]
[Date "2024.11.24"]
[Round "2.52"]
[White "Bates, Richard A"]
[Black "Jogstad, Martin"]
[Result "1/2-1/2"]
[WhiteTitle "IM"]
[BlackTitle "FM"]
[WhiteElo "2311"]
[BlackElo "2375"]
[WhiteTeam "Blackthorne"]
[BlackTeam "CSC/Kingston 1"]
[WhiteFideId "403555"]
[BlackFideId "1715364"]
[EventDate "2024.11.23"]

1. d4 d5 2. c4 c6 3. Nf3 Nf6 4. Qb3 dxc4 5. Qxc4 Bg4 6. Nbd2 Nbd7 7. g3 e6 8.
Bg2 Bd6 9. Qb3 Nb6 10. O-O O-O 11. Re1 a5 12. a3 a4 13. Qc2 Rc8 14. e4 Be7 15.
b4 axb3 16. Nxb3 c5 17. dxc5 Na4 18. Be3 Nd7 19. Red1 Bxf3 20. Bxf3 Qc7 21. Bf4
Ne5 22. Bg2 g5 23. Be3 Ng4 24. Bd4 Nxc5 25. Rac1 b6 26. Qe2 Ne5 27. Qh5 Ng6 28.
Qh6 e5 29. Nxc5 bxc5 30. Be3 Rcd8 31. Bxg5 Rxd1+ 32. Rxd1 Rd8 33. Rxd8+ Bxd8 34.
Bxd8 Qxd8 35. Qc1 Qd4 36. Bf1 Ne7 37. Qc2 Nc6 38. Kg2 Na5 39. Bb5 c4 40. Qe2 c3
41. Bd3 Kf8 42. Qf3 Nc4 43. a4 Nd2 44. Qe3 Qxe3 45. fxe3 Ke7 46. a5 Kd6 47. a6
Kc6 48. Kf2 Kb6 49. Ke2 Nb3 1/2-1/2